<?xml version="1.0" encoding="UTF-8"?>
<record
    xmlns:xsi="http://www.w3.org/2001/XMLSchema-instance"
    xsi:schemaLocation="http://www.loc.gov/MARC21/slim http://www.loc.gov/standards/marcxml/schema/MARC21slim.xsd"
    xmlns="http://www.loc.gov/MARC21/slim">

  <leader>00666nam a22001577a 4500</leader>
  <controlfield tag="003">OSt</controlfield>
  <controlfield tag="005">20151202140410.0</controlfield>
  <controlfield tag="008">151202b        xxu||||| |||| 00| 0 eng d</controlfield>
  <datafield tag="040" ind1=" " ind2=" ">
    <subfield code="c">RUA</subfield>
  </datafield>
  <datafield tag="082" ind1=" " ind2=" ">
    <subfield code="a">FIS CHE 2001 B173 Or.1</subfield>
  </datafield>
  <datafield tag="100" ind1=" " ind2=" ">
    <subfield code="9">4135</subfield>
    <subfield code="a">CHEA, MONG.</subfield>
  </datafield>
  <datafield tag="245" ind1=" " ind2=" ">
    <subfield code="a">Threatened status of marine mammals along the coastal areas in sihanouk ville and kampot province, &#x1780;&#x17B6;&#x179A;&#x1782;&#x17C6;&#x179A;&#x17B6;&#x1798;&#x1782;&#x17C6;&#x17A0;&#x17C2;&#x1784;&#x1791;&#x17C5;&#x179B;&#x17BE;&#x1790;&#x1793;&#x17B7;&#x1780;&#x179F;&#x178F;&#x17D2;&#x179C;&#x179F;&#x1798;&#x17BB;&#x1791;&#x17D2;&#x179A;&#x1793;&#x17C5;&#x178F;&#x17B6;&#x1798;&#x1786;&#x17D2;&#x1793;&#x17C1;&#x179A;&#x1793;&#x17C3;&#x1780;&#x17D2;&#x179A;&#x17BB;&#x1784;&#x1796;&#x17D2;&#x179A;&#x17C7;&#x179F;&#x17B8;&#x17A0;&#x1793;&#x17BB; &#x1793;&#x17B7;&#x1784; &#x1781;&#x17C1;&#x178F;&#x17D2;&#x178F;&#x1780;&#x17C6;&#x1796;&#x178F;</subfield>
  </datafield>
  <datafield tag="260" ind1=" " ind2=" ">
    <subfield code="a">Phnom Penh</subfield>
    <subfield code="b">RUA</subfield>
    <subfield code="c">2001</subfield>
  </datafield>
  <datafield tag="300" ind1=" " ind2=" ">
    <subfield code="a">43p.</subfield>
    <subfield code="b">ill.</subfield>
    <subfield code="c">29cm.</subfield>
  </datafield>
  <datafield tag="942" ind1=" " ind2=" ">
    <subfield code="2">ddc</subfield>
    <subfield code="c">FIS</subfield>
  </datafield>
  <datafield tag="999" ind1=" " ind2=" ">
    <subfield code="c">3848</subfield>
    <subfield code="d">3848</subfield>
  </datafield>
  <datafield tag="952" ind1=" " ind2=" ">
    <subfield code="0">0</subfield>
    <subfield code="1">0</subfield>
    <subfield code="2">ddc</subfield>
    <subfield code="4">0</subfield>
    <subfield code="6">FIS_CHE_2001_000000000000000_B173_OR_1</subfield>
    <subfield code="7">0</subfield>
    <subfield code="9">19407</subfield>
    <subfield code="a">LBB</subfield>
    <subfield code="b">LBB</subfield>
    <subfield code="c">B173</subfield>
    <subfield code="d">2015-12-02</subfield>
    <subfield code="l">2</subfield>
    <subfield code="o">FIS CHE 2001 B173 Or.1</subfield>
    <subfield code="p">RUA027650</subfield>
    <subfield code="r">2025-11-17</subfield>
    <subfield code="s">2025-10-22</subfield>
    <subfield code="w">2015-12-02</subfield>
    <subfield code="y">FIS</subfield>
  </datafield>
  <datafield tag="952" ind1=" " ind2=" ">
    <subfield code="0">0</subfield>
    <subfield code="1">0</subfield>
    <subfield code="2">ddc</subfield>
    <subfield code="4">0</subfield>
    <subfield code="6">FIS_CHE_2001_000000000000000_B173_OR_2</subfield>
    <subfield code="7">0</subfield>
    <subfield code="9">19408</subfield>
    <subfield code="a">LBB</subfield>
    <subfield code="b">LBB</subfield>
    <subfield code="c">B173</subfield>
    <subfield code="d">2015-12-02</subfield>
    <subfield code="o">FIS CHE 2001 B173 Or.2</subfield>
    <subfield code="p">RUA010021</subfield>
    <subfield code="r">2015-12-02</subfield>
    <subfield code="w">2015-12-02</subfield>
    <subfield code="y">FIS</subfield>
  </datafield>
  <datafield tag="952" ind1=" " ind2=" ">
    <subfield code="0">0</subfield>
    <subfield code="1">0</subfield>
    <subfield code="2">ddc</subfield>
    <subfield code="4">0</subfield>
    <subfield code="6">FIS_CHE_2001_000000000000000_B173_OR_3</subfield>
    <subfield code="7">0</subfield>
    <subfield code="9">19409</subfield>
    <subfield code="a">LBB</subfield>
    <subfield code="b">LBB</subfield>
    <subfield code="c">B173</subfield>
    <subfield code="d">2015-12-02</subfield>
    <subfield code="o">FIS CHE 2001 B173 Or.3</subfield>
    <subfield code="p">RUA027833</subfield>
    <subfield code="r">2015-12-02</subfield>
    <subfield code="w">2015-12-02</subfield>
    <subfield code="y">FIS</subfield>
  </datafield>
  <datafield tag="952" ind1=" " ind2=" ">
    <subfield code="0">0</subfield>
    <subfield code="1">0</subfield>
    <subfield code="2">ddc</subfield>
    <subfield code="4">0</subfield>
    <subfield code="6">FIS_CHE_2001_000000000000000_B173_OR_4</subfield>
    <subfield code="7">0</subfield>
    <subfield code="9">19410</subfield>
    <subfield code="a">LBB</subfield>
    <subfield code="b">LBB</subfield>
    <subfield code="c">B173</subfield>
    <subfield code="d">2015-12-02</subfield>
    <subfield code="o">FIS CHE 2001 B173 Or.4</subfield>
    <subfield code="p">RUA027905</subfield>
    <subfield code="r">2015-12-02</subfield>
    <subfield code="w">2015-12-02</subfield>
    <subfield code="y">FIS</subfield>
  </datafield>
  <datafield tag="952" ind1=" " ind2=" ">
    <subfield code="0">0</subfield>
    <subfield code="1">0</subfield>
    <subfield code="2">ddc</subfield>
    <subfield code="4">0</subfield>
    <subfield code="6">FIS_CHE_2001_000000000000000_B173_OR_5</subfield>
    <subfield code="7">0</subfield>
    <subfield code="9">69635</subfield>
    <subfield code="a">LBB</subfield>
    <subfield code="b">LBB</subfield>
    <subfield code="c">B173</subfield>
    <subfield code="d">2017-12-15</subfield>
    <subfield code="o">FIS CHE 2001 B173 Or.5</subfield>
    <subfield code="p">A29372</subfield>
    <subfield code="r">2017-12-15</subfield>
    <subfield code="w">2017-12-15</subfield>
    <subfield code="y">FIS</subfield>
  </datafield>
</record>
